[Event "Kimry-ch"]
[Site "Kimry"]
[Date "2007.01.02"]
[Round "1"]
[White "Zolotova, Lubov"]
[Black "Naschekin, Sergey A"]
[Result "0-1"]
[WhiteElo "1944"]
[BlackElo "2159"]
[PlyCount "58"]
[EventDate "2007.01.02"]
[EventType "swiss"]
[EventRounds "9"]
[EventCountry "RUS"]
[SourceTitle "EXT 2010"]
[Source "ChessBase"]
[SourceDate "2010.11.25"]
[SourceVersion "1"]
[SourceVersionDate "2010.11.25"]
[SourceQuality "1"]

1. d4 Nf6 2. Nf3 d5 3. g3 e6 4. Bg2 Bb4+ 5. c3 Be7 6. Nbd2 0-0 7. 0-0 Nbd7 8. Re1 c5 9. e4 dxe4 10. Nxe4 Nxe4 11. Rxe4 Nf6 12. Re2 cxd4 13. Nxd4 Bc5 14. Be3 Bb6 15. Qb3 Ng4 16. Rd1 Nxe3 17. Rxe3 Qf6 18. Rf3 Qg6 19. Rfd3 h5 20. h4 e5 21. Nb5 Be6 22. Qb4 Bf5 23. Rd6 f6 24. Rxb6 axb6 25. Bxb7 Rad8 26. Nd6 Qg4 27. Bd5+ Kh7 28. Bb3 Qxb4 29. cxb4 Bg6 0-1